La Ciudad de México : su danza histórica al ritmo de los Juegos Olímpicos /

Cronología anecdótica sobre la transformación de la Ciudad de México que está entrelazada con la historia de los juegos olímpicos en general y particularmente con las olimpiadas de México 1968, así como con múltiples acontecimientos económicos, sociales y políticos contemporáneos a su historia.

Guardat en:
Dades bibliogràfiques
Autor principal: Romero, Héctor Manuel (autor)
Format: Llibre
Idioma:espanyol
Publicat: México : Sociedad Mexicana de Geografía y Estadística, 1980
Matèries:
Etiquetes: Afegir etiqueta
Sense etiquetes, Sigues el primer a etiquetar aquest registre!

MARC

LEADER 00000nam^a2200000^a^4500
001 000186926
005 20250521000000.0
009 20260310102243.877
037 |a Acervo ITESO - Biblioteca 
041 |a ESP 
082 |a 972. 532  |b ROM 
100 |a Romero, Héctor Manuel  |e (autor) 
245 1 3 |a La Ciudad de México :  |b su danza histórica al ritmo de los Juegos Olímpicos /  |c H.M. Romero ; pról. de Jorge Acosta del Castillo. 
264 1 |a México :  |b Sociedad Mexicana de Geografía y Estadística,  |c 1980 
300 |a 80 p. 
336 |a texto  |b txt  |2 rdacontenido 
337 |a sin mediación  |b n  |2 rdamedio 
338 |a volumen  |b nc  |2 rdasoporte 
520 |a Cronología anecdótica sobre la transformación de la Ciudad de México que está entrelazada con la historia de los juegos olímpicos en general y particularmente con las olimpiadas de México 1968, así como con múltiples acontecimientos económicos, sociales y políticos contemporáneos a su historia. 
649 |a XX 
650 |a México (Ciudad) -  |x Historia 
650 |a México -  |x Historia 
650 |a Juegos Olímpicos -  |z México 
650 |a Juegos Olímpicos -  |x Historia 
650 |a Economía -  |x Historia 
650 |a Política -  |x Historia 
650 |a Sociología -  |x Historia 
650 |a Cronología Histórica 
910 |a Fondo Julio de la Peña Lomelín 
920 |a Impresos - Libros 
930 |a Arquitectos Jaliscienses 
905 |a 115 
901 |a 0500129106  |b IT1  |c JAL  |u 20250521 
902 |a https://opac.biblio.iteso.mx/vufind/Record/000186926